Uso racional de medicamentos /
El consumo de remedios puede ser tan beneficioso como nocivo. La diferencia radica, sobre todo, en la utilización que hagamos de ellos. La Dra. Lucía Dri, de Las Lomitas, Provincia de Formosa, explica el uso correcto de los medicamentos y cómo está regulado el derecho de su accesibilidad.
Guardado en:
| Autor Corporativo: | |
|---|---|
| Otros Autores: | |
| Formato: | |
| Publicado: |
Argentina,
2010
|
| Series: | Al gran pueblo, salud
|
| Materias: | |
| Etiquetas: |
Agregar Etiqueta
Sin Etiquetas, Sea el primero en etiquetar este registro!
|
| LEADER | 01322ngm a22003735g 4500 | ||
|---|---|---|---|
| 001 | CEM.cems023615 | ||
| 008 | 130507s2010##################0###0#####d | ||
| 005 | 20250617165507.0 | ||
| 245 | 1 | 0 | |a Uso racional de medicamentos / |c Canal Encuentro. |
| 260 | |a Argentina, |c 2010 | ||
| 300 | |a 45'. | ||
| 490 | 0 | |a Al gran pueblo, salud | |
| 520 | |a El consumo de remedios puede ser tan beneficioso como nocivo. La diferencia radica, sobre todo, en la utilización que hagamos de ellos. La Dra. Lucía Dri, de Las Lomitas, Provincia de Formosa, explica el uso correcto de los medicamentos y cómo está regulado el derecho de su accesibilidad. | ||
| 538 | |a Soporte: DVD - Color: Si - Grabación DRD | ||
| 500 | |a Consultar en ventanilla. | ||
| 110 | 2 | |a Canal Encuentro. | |
| 700 | 1 | |a Díaz, Julieta; Conducción. | |
| 082 | 3 | 6 | |/ DIA |
| 653 | |a BIOLOGIA | ||
| 653 | |a SALUD PUBLICA | ||
| 653 | |a SALUD | ||
| 653 | |a ENFERMEDADE | ||
| 653 | |a EDUCACION PARA LA SALUD | ||
| 653 | |a MEDICINA | ||
| 653 | |a MEDICINA PREVENTIVA | ||
| 653 | |a MEDICAMENTOS | ||
| 653 | |a MEDICACION | ||
| 653 | |a DROGAS | ||
| 653 | |a REMEDIOS | ||
| 653 | |a ADICCIONES | ||
| 653 | |a DROGADEPENDENCIA | ||
| 653 | |a FARMACIA | ||
| 653 | |a SERIE DE TELEVISIÓN | ||
| 859 | |a CEMS |b BIB. CEMS - Depto. Recursos Didacticos |h 362 |i DIA |k DRD |p 2258.15 |t Ej.1 | ||
